IDEA. SETTEMBRE 1953. CULTURA POLITICA E SOCIALE. (Record n. 326096)

Dettagli MARC
000 -LEADER
fixed length control field 01664nas a2200277Ia 4500
001 - CONTROL NUMBER
control field R300-R7502
003 - CONTROL NUMBER IDENTIFIER
control field IT-CnALBA
008 - FIXED-LENGTH DATA ELEMENTS--GENERAL INFORMATION
fixed length control field 170116c99999999xx |||||||||||| ||und||
040 ## - CATALOGING SOURCE
Original cataloging agency IT-CnALBA
Transcribing agency IT-CnALBA
041 ## - LANGUAGE CODE
Language code of text/sound track or separate title ITALIANO
999 ## - SYSTEM CONTROL NUMBERS (KOHA)
Koha Dewey Subclass [OBSOLETE] NO
100 ## - MAIN ENTRY--PERSONAL NAME
Personal name PADELLARO NAZARENO
210 ## - ABBREVIATED TITLE
Abbreviated title IDEA
222 ## - KEY TITLE
Key title IDEA
245 #0 - TITLE STATEMENT
Title IDEA. SETTEMBRE 1953. CULTURA POLITICA E SOCIALE.
250 ## - EDITION STATEMENT
Edition statement 1a ed.
260 ## - PUBLICATION, DISTRIBUTION, ETC. (IMPRINT)
Place of publication, distribution, etc. ROMA
Name of publisher, distributor, etc. IDEA SOCIETÀ EDITRICE ROMA'
Date of publication, distribution, etc. 1953 [1° Ed.:1953 - Ed.Ling.Originale: 1953]
300 ## - PHYSICAL DESCRIPTION
Extent 64 p.
310 ## - CURRENT PUBLICATION FREQUENCY
Current publication frequency MENSILE
362 ## - DATES OF PUBLICATION AND/OR SEQUENTIAL DESIGNATION
Dates of publication and/or sequential designation Fascicolo: 9 / Anno: 9 (1953)
500 ## - GENERAL NOTE
General note DAL MINISTERO DE GASPERI A PELLA. QUATTROCCHI L. BOCCARA C. LUME G. MUSMARRA A. BARBIERI P. RUFFOLO U. GOVERNO E AMMINISTRAZIONE. CONGRESSO INTERNAZIONALE DI FILOSOFIA A VRUXELLES. NUBI DI TEMPESTA SULL'OCEANO INDIANO. L'INSEGNAMENTO SOCIALE NEI DISCORSI DI PIO XII. AGRICOLTURA MODERNA E MAESTRANZE SPECIALIZZATE. AGOSTO, POLITICA INTERNA E INTERNAZIONALE. RUFFOLO U. COMMENTARIO SOCIALE. RASSEGNE POLITICHE. RECENSIONI. NOTIZIARIO.
501 ## - WITH NOTE
With note Società San Paolo EM - Piazza San Paolo, 14 - 12051 ALBA (CN) (non commercial uses only) ® Copyright 2017
520 ## - SUMMARY, ETC.
Summary, etc. DAL MINISTERO DE GASPERI A PELLA. QUATTROCCHI L. BOCCARA C. LUME G. MUSMARRA A. BARBIERI P. RUFFOLO U. GOVERNO E AMMINISTRAZIONE. CONGRESSO INTERNAZIONALE DI FILOSOFIA A VRUXELLES. NUBI DI TEMPESTA SULL'OCEANO INDIANO. L'INSEGNAMENTO SOCIALE NEI DISCORSI DI PIO XII. AGRICOLTURA MODERNA E MAESTRANZE SPECIALIZZATE. AGOSTO, POLITICA INTERNA E INTERNAZIONALE. RUFFOLO U. COMMENTARIO SOCIALE. RASSEGNE POLITICHE. RECENSIONI. NOTIZIARIO.
650 ## - SUBJECT ADDED ENTRY--TOPICAL TERM
Topical term or geographic name as entry element SOCIOLOGIA
942 ## - ADDED ENTRY ELEMENTS (KOHA)
Koha item type RIVISTA
957 ## -
-- 1
999 ## - SYSTEM CONTROL NUMBERS (KOHA)
-- 1
Dati di copia
Withdrawn status Lost status Damaged status Not for loan Home library Current library Date acquired Total Checkouts Full call number Date last seen Price effective from Koha item type Public note
    Buone Condizioni Not For Loan ALBA - Biblioteca ALBA - Biblioteca 16/01/2017   R300-R7502 16/01/2017 16/01/2017 RIVISTA (data import: 16 gennaio 2017) - By Epidotti, Vaglietti.
CREDITS: SOCIETA' SAN PAOLO Via A.Severo, 58 - ROMA (RM) & PERIODICI SAN PAOLO SRL Via Giotto, 36 MILANO & CISF Via Giotto, 36 MILANO & EDIZIONI SAN PAOLO SRL,  Piazza Soncino, 5 CINISELLO BALSAMO (MI) -- ITALY